01099nam a2200253 i 450000100060000000300090000600500170001500700030003200800410003510000230007624500590009925000200015826000370017830000360021550502500025174000330050174000300053474000440056474000360060874000380064485200240068299900170070695201220072335456ES-MaACL20230906155130.0t|030213m19121916fr ||||1| fre d0 aBouasse, H.93082010aCours de physique / cpar Henri Pierre Maxime Bouasse. a2eme ed., augm. aParis : bDelagrave, c[1912-16] a5 t. en 9 v. : bil. ; c25 cm.8 aContiene: T. I: Cours de mecanique physique. -- T. II: Cours de thermodynamique. -- T. III: Cours de magnétisme et electricité. -- T. IV: Optique: Etude des instruments. -- T. V: Electroptique: Ondes hertziennes. -- T. VI: Etudes symétries0 aCours de mecanique physique.0 aCours de thermodynamique.0 aCours de magnétisme et electricité.0 aOptique: Etude des instruments.0 aElectroptique: Ondes hertziennes. aES-MaACLjB-4851-59 c35456d35456 00104070aATENEOMbATENEOMcSPBd2008-01-17eSCl0oB-4851-59p1037099r2023-02-23 00:00:00w2023-02-23yMONOGRAFIA